La rosa y las espinas : (Record no. 193223)
[ view plain ]
| 000 -LEADER | |
|---|---|
| campo de control de longitud fija | 02245nam a2200361 4500 |
| 001 - NÚMERO DE CONTROL | |
| campo de control | 193223 |
| 003 - IDENTIFICADOR DE NÚMERO DE CONTROL | |
| campo de control | ES-MaACL |
| 005 - FECHA Y HORA DE LA ÚLTIMA TRANSACCIÓN | |
| campo de control | 20250709222100.0 |
| 007 - CAMPO FIJO DE DESCRIPCIÓN FÍSICA--INFORMACIÓN GENERAL | |
| campo de control de longitud fija | ta |
| 008 - DATOS DE LONGITUD FIJA--INFORMACIÓN GENERAL | |
| campo de control de longitud fija | 231016b sp ||||| |||| 00| 0 spa d |
| 040 ## - FUENTE DE CATALOGACIÓN | |
| Lengua de catalogación | spa |
| Centro/agencia transcriptor | ES-MaACL |
| 080 ## - NÚMERO DE LA CLASIFICACIÓN DECIMAL UNIVERSAL | |
| Número de la Clasificación Decimal Universal | 929Guerra, Alfonso:32(049.3) |
| 080 ## - NÚMERO DE LA CLASIFICACIÓN DECIMAL UNIVERSAL | |
| Número de la Clasificación Decimal Universal | 32(460)"1975/..." |
| 100 1# - ENTRADA PRINCIPAL--NOMBRE DE PERSONA | |
| Nombre de persona | Guerra, Alfonso, |
| Fechas asociadas al nombre | 1940- |
| Término indicativo de función/relación | Autor |
| 9 (RLIN) | 60479 |
| 245 13 - MENCIÓN DEL TÍTULO | |
| Título | La rosa y las espinas : |
| Resto del título | el hombre detrás del político / |
| Mención de responsabilidad, etc. | Alfonso Guerra en conversación con Manuel Lamarca |
| 250 ## - MENCION DE EDICION | |
| Mención de edición | Primera edición: septiembre de 2023 |
| 260 ## - PUBLICACIÓN, DISTRIBUCIÓN, ETC. | |
| Lugar de publicación, distribución, etc. | Madrid : |
| Nombre del editor, distribuidor, etc. | La Esfera de los Libros, |
| Fecha de publicación, distribución, etc. | 2023 |
| 300 ## - DESCRIPCIÓN FÍSICA | |
| Extensión | 276 páginas ; |
| Dimensiones | 24 cm |
| 336 ## - TIPO DE CONTENIDO | |
| Fuente | rdacontent |
| Término de tipo de contenido | Texto |
| 337 ## - TIPO DE MEDIO | |
| Fuente | rdamedia |
| Nombre/término del tipo de medio | sin mediación |
| 338 ## - TIPO DE SOPORTE | |
| Fuente | rdacarrier |
| Nombre/término del tipo de soporte | volumen |
| 520 ## - RESUMEN, ETC. | |
| Sumario, etc. | En marzo de 2022, Alfonso Guerra se sentó frente a la cámara del cineasta Manuel Lamarca para hacer un repaso a su trayectoria personal y política. Este libro recoge los mejores momentos de las grabaciones, en las que Guerra se muestra directo y sin las cortapisas de «lo políticamente correcto». El lector podrá conocer los entresijos de la Transición, cómo se desarrolló la elaboración de la Constitución, el golpe de Estado del 23F, la histórica victoria del PSOE de 1982, su trabajo como vicepresidente o su salida del Gobierno. Sin olvidar al hombre detrás del político, su faceta más personal y familiar, así como sus gustos literarios, musicales o cinematográficos, enriquecidos por el trato con las personalidades de todo tipo que ha conocido a lo largo de su vida. |
| 600 14 - PUNTO DE ACCESO ADICIONAL DE MATERIA--NOMBRE DE PERSONA | |
| Nombre de persona | Guerra, Alfonso, |
| Fechas asociadas al nombre | 1940- |
| 9 (RLIN) | 60479 |
| 651 #4 - PUNTO DE ACCESO ADICIONAL DE MATERIA--NOMBRE GEOGRÁFICO | |
| 9 (RLIN) | 159606 |
| Nombre geográfico | España- |
| Subdivisión general | Política y gobierno- |
| Subdivisión cronológica | 1975- |
| 700 1# - ENTRADA AGREGADA--NOMBRE PERSONAL | |
| 9 (RLIN) | 234342 |
| Nombre de persona | Lamarca, Manuel, |
| Fechas asociadas al nombre | 1974- |
| 852 ## - LOCALIZACIÓN | |
| Ubicación | ES-MaACL |
| Sublocalización o colección | R. 154756 |
| Ubicación en estantería | Depósito J |
| Número de control de estantería | N-9372 |
| Encuadernación | Encuadernación cartoné con sobrecubiertas |
| itemnumber | 200638 |
| Anotaciones manuscritas | Dedicatoria autógrafa del autor |
| Donativo/Legado | Donación: Alfonso Guerra |
| 903 ## - NOMBRE PERSONAL DE DONANTE | |
| a | Guerra, Alfonso, |
| d | 1940- |
| e | Donante |
| 9 | 60479 |
| 942 ## - ELEMENTOS DE ENTRADA SECUNDARIOS (KOHA) | |
| Suprimir en OPAC | No |
| Tipo de ítem Koha | Libro impreso |
| Estatus retirado | Estado de pérdida | Fuente del sistema de clasificación o colocación | Especificación de materiales (volumen encuadernado u otra parte) | Estado de daño | No para préstamo | Colección | Biblioteca de origen | Biblioteca actual | Ubicación en estantería | Fecha de adquisición | Fuente de adquisición | Número de inventario | Número de control de estantería | Total de préstamos | Signatura topográfica completa | Código de barras | Visto por última vez | Tipo de ítem Koha | Nota pública |
|---|---|---|---|---|---|---|---|---|---|---|---|---|---|---|---|---|---|---|---|
| Clasificación decimal universal | Enc. cartoné | Libros con dedicatorias | Biblioteca del Ateneo de Madrid | Biblioteca del Ateneo de Madrid | Depósito J | 16/10/2023 | Donación | R.154756 | Ateneísta | N-9372 | 101205929 | 16/10/2023 | Libro impreso | Dedicatoria autógrafa del autor |
